[Event "56th Rubinstein Memorial A 2020"]
[Site "Polanica Zdroj"]
[Date "2020.08.19"]
[Round "5.19"]
[White "Kazmierowski, Tymon"]
[Black "Czarniecka, Aleksandra"]
[Result "1/2-1/2"]
[WhiteElo "1844"]
[BlackElo "2043"]
[Annotator "TA"]
[PlyCount "106"]
[EventDate "2020.08.15"]
[EventType "swiss"]
[EventCountry "POL"]
[SourceTitle "playchess.com"]
[Source "ChessBase"]
[SourceQuality "1"]

{[%evp 18,106,10,28,23,0,-16,-20,0,0,0,-87,-68,-59,-34,-91,0,0,-5,-241,6,15,22,-5,0,-8,-8,-43,-33,-39,-14,-42,10,-3,-8,-13,-9,-16,1,0,55,43,91,34,42,10,45,5,5,1,35,0,0,12,29,0,48,-23,22,28,54,16,32,31,22,20,21,14,108,108,108,108,129,115,131,114,177,179,177,177,361,0,162,162,164,152,139,139,141,141,139]} 1. d4 Nf6 2. c4 g6 3. Nf3 Bg7 4. g3 O-O 5. Bg2 d6 6. O-O Nc6 7. Nc3 e5 8. dxe5 dxe5 9. Bg5 Be6 10. Qa4 Qc8 {E62: King's Indian: Fianchetto: 6...c6 and Panno Variation (6...Nc6) without ...a6.} 11. Rfd1 Nd7 12. Nd5 Re8 {The position is equal.} 13. Be3 Nb6 {[#]} 14. Bxb6 $146 (14. Qc2 $11) ({Predecessor:} 14. Qc2 Bf5 15. Qc1 Be4 16. Bg5 Nxd5 17. cxd5 Nd4 18. Nxd4 exd4 19. f3 Bxd5 20. e4 {½-½ (65) Ambartsumova,K (2383)-Moreno Ruiz,J (2450) Elgoibar 2018}) 14... axb6 $17 15. Qc2 Bf5 16. Qd2 (16. e4 $15 Bg4 17. Rd3) 16... Nb8 ({Black should try} 16... e4 $17 17. Ne1 Ne7) 17. Qg5 $11 h6 18. Ne7+ $2 {[#]} (18. Nf6+ $1 $11 Bxf6 19. Qxf6) 18... Kf8 $2 ({Black should play} 18... Rxe7 $1 $19 {[%mdl 512]} 19. Qxe7 Nc6) 19. Qxf5 $1 {Black must now prevent Nxg6+.} Kxe7 20. Qe4 (20. Qc2 {feels hotter.} Kf8 21. e3 Kg8 22. Nd2 Na6 23. a3) 20... Kf8 21. Nh4 Nc6 22. Rd3 Qe6 23. Rad1 $1 Re7 24. a3 Kg8 (24... f5 $15 25. Qe3 e4) 25. R3d2 Kh7 26. Qd5 Qc8 27. e3 Ra5 (27... f5 {looks sharper.} 28. Bh3 Qf8 29. e4 f4 30. c5 Bf6) 28. Qd3 Qe8 ({Better is} 28... Bf6 $11) 29. Bxc6 bxc6 {[#]} 30. e4 (30. Nf5 $1 $16 {[%cal Rf5e7]} Re6 31. Nxg7 Kxg7 32. Qe4) 30... Ra8 31. Ng2 h5 32. Ne1 Bh6 33. Rc2 Qc8 34. Kg2 Qe6 35. Rc3 Rh8 36. h4 Rf8 37. Qe2 (37. a4 $14) 37... f6 38. b3 Rff7 39. Rcd3 Rd7 40. Rxd7 Rxd7 41. Rxd7+ Qxd7 42. Qd3 Qd6 (42... Qxd3 $11 {remains equal.} 43. Nxd3 Bd2) 43. Qxd6 $16 cxd6 {[%mdl 4096] Endgame KB-KN} 44. Nc2 Bd2 45. Kf3 Kg7 46. Ke2 Bc1 (46... Bc3 $16 {is a better defense.}) 47. a4 $18 {Threatens to win with b4.} c5 48. Kd1 Bh6 $2 (48... Bb2) 49. Ke2 $2 ({Only move:} 49. b4 $18 {a5 is the strong threat.} cxb4 50. Nxb4) 49... Kf7 $2 {[#]} (49... Bc1 $1 $11 {and Black is okay.}) 50. Na3 $1 {White is clearly better.} Bf8 51. Nb5 Be7 52. Nc7 Bd8 53. Nd5 Ke6 {Accuracy: White = 59%, Black = 55%.} 1/2-1/2

[Event "56th Rubinstein Memorial A 2020"]
[Site "Polanica Zdroj"]
[Date "2020.08.19"]
[Round "5.20"]
[White "Siekanska, Maria"]
[Black "Domanski, Lukasz"]
[Result "1/2-1/2"]
[WhiteElo "1928"]
[BlackElo "2039"]
[Annotator "NA"]
[PlyCount "61"]
[EventDate "2020.08.15"]
[EventType "swiss"]
[EventCountry "POL"]
[SourceTitle "playchess.com"]
[Source "ChessBase"]
[SourceQuality "1"]
[TimeControl "40/5400+30:1800+30"]

1. d4 {[%emt 0:00:00]} e6 {[%emt 0:00:00]} 2. c4 {[%emt 0:00:00]} b6 {[%emt 0:00:00]} 3. Nc3 {[%emt 0:00:02]} Bb4 {[%emt 0:00:00]} 4. e3 {[%emt 0:00:17]} Bb7 {[%emt 0:00:14]} 5. Nge2 {[%emt 0:00:21]} f5 {[%emt 0:03:06]} 6. a3 {[%emt 0:00:47] A40: Unusual replies to 1 d4.} Bxc3+ {[%emt 0:03:31] Recently 6...Be7 got a lot of attention.} 7. Nxc3 {[%emt 0:00:49]} d6 {[%emt 0:03:05] [#]} 8. Bd3 $146 ({Predecessor:} 8. d5 e5 9. Bd3 Bc8 10. O-O Nf6 11. f4 e4 12. Be2 a6 13. b4 Nbd7 14. Bb2 {1-0 (42) Yrjola,J (2430)-Pyhala,A (2385) Joensuu 1989}) 8... Nf6 {[%emt 0:07:20]} 9. d5 {[%emt 0:03:55]} O-O {[%emt 0:04:37]} 10. Qc2 {[%emt 0:02:15]} g6 {[%emt 0:04:57]} 11. h4 {[%emt 0:02:59]} ({White should play} 11. O-O $14) 11... Nbd7 {[%emt 0:05:15]} 12. b3 {[%emt 0:09:12]} Ne5 {[%emt 0:02:20]} 13. Bb2 {[%emt 0:03:23]} Nxd3+ {[%emt 0:03:00]} 14. Qxd3 {[%emt 0:00:04]} e5 {[%emt 0:00:14]} 15. O-O-O {[%emt 0:00:57]} Ne4 {[%emt 0:07:53]} 16. Qc2 {[%emt 0:05:44]} Nxc3 {[%emt 0:01:49]} 17. Qxc3 {[%emt 0:00:21]} f4 {[%emt 0:02:22]} 18. exf4 {[%emt 0:01:48]} Rxf4 {[%emt 0:00:50] Double Attack} 19. f3 {[%emt 0:00:29]} Qf6 $11 {[%emt 0:03:41]} 20. h5 {[%emt 0:05:36]} g5 {[%emt 0:03:26]} 21. h6 {[%emt 0:06:37]} Qf5 {[%emt 0:05:47]} 22. Rd3 {[%emt 0:11:43]} Rf8 {[%emt 0:01:54]} 23. Kb1 {[%emt 0:04:34]} Rd4 {[%emt 0:03:42]} 24. Rhd1 {[%emt 0:00:12]} Rh4 {[%emt 0:00:56]} 25. g3 {[%emt 0:02:11]} Rxh6 {[%emt 0:02:47]} 26. f4 {[%emt 0:00:37]} Rh2 {[%emt 0:06:30]} 27. fxe5 {[%emt 0:01:20]} Qxe5 {[%emt 0:00:54]} 28. Qc1 {[%emt 0:01:15]} Qf5 {[%emt 0:01:35]} 29. Qc3 {[%emt 0:00:12]} Qe5 {[%emt 0:00:52]} 30. Qc1 {[%emt 0:00:23]} Qf5 {[%emt 0:00:07]} 31. Qc3 {[%emt 0:00:07]} 1/2-1/2

[Event "56th Rubinstein Memorial A 2020"]
[Site "Polanica Zdroj"]
[Date "2020.08.19"]
[Round "5.21"]
[White "Rogacewicz, Mikolaj"]
[Black "Jedynak, January"]
[Result "1-0"]
[WhiteElo "1970"]
[BlackElo "1887"]
[Annotator "ChessBase"]
[PlyCount "39"]
[EventDate "2020.08.15"]
[EventType "swiss"]
[EventCountry "POL"]
[SourceTitle "playchess.com"]
[Source "ChessBase"]
[SourceQuality "1"]
[TimeControl "40/5400+30:1800+30"]

1. d4 {[%emt 0:00:00]} d5 {[%emt 0:06:10]} 2. c4 {[%emt 0:00:00]} e6 {[%emt 0:00:10]} 3. Nf3 {[%emt 0:00:00]} c6 {[%emt 0:00:10]} 4. e3 {[%emt 0:00:21]} f5 {[%emt 0:00:06]} 5. Bd3 {[%emt 0:00:53]} Nf6 {[%emt 0:00:17]} 6. O-O {[%emt 0:02:33]} Bd6 {[%emt 0:01:12]} 7. b3 {[%emt 0:02:02]} Qe7 {[%emt 0:00:07]} 8. a4 {[%emt 0:01:01]} Nbd7 {[%emt 0:01:31]} 9. Ba3 {[%emt 0:01:28]} c5 {[%emt 0:00:55]} 10. cxd5 {[%emt 0:20:43]} Nxd5 {[%emt 0:05:48]} 11. Nbd2 {[%emt 0:02:21]} O-O {[%emt 0:38:51]} 12. Nc4 {[%emt 0:02:45]} Bc7 {[%emt 0:01:42]} 13. Nfe5 {[%emt 0:08:46]} Nxe5 {[%emt 0:01:07]} 14. Bxc5 {[%emt 0:02:00]} Qh4 {[%emt 0:01:23]} 15. dxe5 {[%emt 0:01:59]} Rf6 {[%emt 0:02:12]} 16. g3 {[%emt 0:05:12]} Rg6 {[%emt 0:01:22]} 17. Bxf5 {[%emt 0:00:56]} exf5 {[%emt 0:06:06]} 18. Qxd5+ {[%emt 0:00:39]} Kh8 {[%emt 0:00:36]} 19. Qf7 {[%emt 0:02:34]} Qd8 {[%emt 0:03:22]} 20. Rad1 {[%emt 0:00:30]} 1-0

[Event "56th Rubinstein Memorial A 2020"]
[Site "Polanica Zdroj"]
[Date "2020.08.19"]
[Round "5.22"]
[White "Galant, Ireneusz"]
[Black "Turski, Bartlomiej"]
[Result "0-1"]
[WhiteElo "1803"]
[BlackElo "1985"]
[Annotator "TA"]
[PlyCount "88"]
[EventDate "2020.08.15"]
[EventType "swiss"]
[EventCountry "POL"]
[SourceTitle "playchess.com"]
[Source "ChessBase"]
[SourceQuality "1"]

{[%evp 15,88,-25,-7,-31,-12,-12,0,-9,-6,-22,-13,-25,-22,-20,-4,-64,-59,-53,-60,-111,-111,-104,-104,-101,-105,-164,-152,-199,-200,-199,-210,-329,-339,-350,-345,-344,-343,-364,-347,-382,-314,-427,-317,-430,-413,-621,-600,-694,-685,-767,-762,-1196,-1229,-1577,-1677,-1660,-1648,-1621,-1512,-1568,-1575,-1191,-796,-1826,-1785,-3059,-2229,-6590,-6311,-29980,-3256,-29977,-29978,-29973,-6423]} 1. e4 c5 2. Nf3 Nc6 3. d3 g6 4. g3 Bg7 5. Bg2 e5 6. O-O Nge7 7. Be3 d6 8. Qd2 O-O 9. Bh6 {[#] A04: Unusual lines after 1 Nf3 and King's Indian Attack.} b5 $146 ({Predecessor:} 9... f6 10. Bxg7 Kxg7 11. c3 d5 12. exd5 Nxd5 13. Re1 Re8 14. Na3 Nc7 15. Qe3 b6 16. Nd2 Bb7 {½-½ (40) Golubov,S (2484)-Fedorov,A (2565) Voronezh 2016}) 10. Nc3 b4 11. Ne2 {The position is equal.} a5 {[%cal Ba7a5,Ba5a4,Ba4a3][%mdl 32]} 12. Nh4 f6 13. Bxg7 Kxg7 14. f4 Bg4 15. h3 (15. Rf2 $11) 15... Bxe2 $1 $15 16. Qxe2 a4 17. Qd2 {White is now going downhill.} (17. a3 $15) 17... a3 $17 18. b3 Nd4 19. Nf3 Nec6 20. h4 (20. f5 $17 {was worth a try.}) 20... exf4 $19 21. Nxd4 Nxd4 22. Rxf4 Qe7 23. Rf2 (23. Kh2 {was necessary.}) 23... Qe5 {...Ne2+! is the strong threat.} 24. Raf1 Qxg3 25. h5 Qe5 ({Resist} 25... gxh5 26. Rf4 $19) 26. h6+ Kh8 27. Qe3 Ra7 28. Qh3 Raf7 29. Qg4 Nb5 30. c4 (30. Qf4 $142 Qxf4 31. Rxf4) 30... bxc3 31. Bh3 Nd4 32. Kh1 c2 33. Bg2 Qg5 34. Qxg5 fxg5 35. Rxf7 Rxf7 36. Rxf7 c1=Q+ 37. Rf1 {[#]} Qxf1+ $1 38. Bxf1 {[%mdl 4096] Endgame KB-KN} Kg8 39. Bh3 Kf7 40. Bc8 Kf6 41. Ba6 Nc2 42. Bc4 Nb4 43. Bg8 Nxa2 44. Bxh7 Nb4 {Accuracy: White = 32%, Black = 87%.} (44... Nc1 $142 45. Bg8 a2 46. Kg2 a1=Q 47. d4 Qb2+ 48. Kf3 Nd3 49. Ke3 Nf4 50. e5+ dxe5 51. dxe5+ Kxe5 52. Kf3 Qg2+ 53. Ke3 Qe2#) 0-1

[Event "56th Rubinstein Memorial A 2020"]
[Site "Polanica Zdroj"]
[Date "2020.08.19"]
[Round "5.23"]
[White "Mirowska, Oliwia"]
[Black "Starosciak, Szymon"]
[Result "0-1"]
[WhiteElo "1898"]
[BlackElo "1850"]
[Annotator "NA"]
[PlyCount "48"]
[EventDate "2020.08.15"]
[EventType "swiss"]
[EventCountry "POL"]
[SourceTitle "playchess.com"]
[Source "ChessBase"]
[SourceQuality "1"]
[TimeControl "40/5400+30:1800+30"]

1. e4 {[%emt 0:29:41]} c5 {[%emt 0:29:39]} 2. f4 {[%emt 0:00:13]} Nc6 {[%emt 0:01:32]} 3. Bc4 {[%emt 0:00:26]} e6 {[%emt 0:00:00]} 4. Nc3 {[%emt 0:00:00]} g6 {[%emt 0:00:00]} 5. Nf3 {[%emt 0:00:00]} Bg7 {[%emt 0:00:00]} 6. O-O {[%emt 0:00:00]} Nge7 {[%emt 0:00:00]} 7. e5 {[%emt 0:00:00]} d6 {[%emt 0:00:00]} 8. exd6 {[%emt 0:00:00]} Qxd6 {[%emt 0:00:00]} 9. Ne4 {[%emt 0:00:00]} Qc7 {[%emt 0:00:00]} 10. c3 {[%emt 0:00:00]} b6 {[%emt 0:00:00]} 11. Qe2 {[%emt 0:00:00]} O-O {[%emt 0:00:00]} 12. Bb3 {[%emt 0:00:00]} Bb7 {[%emt 0:00:00]} 13. Neg5 {[%emt 0:06:06]} Bc8 {[%emt 0:07:24]} 14. Qf2 {[%emt 0:22:20]} h6 {[%emt 0:06:03]} 15. Ne4 {[%emt 0:04:11]} Ba6 {[%emt 0:06:21]} 16. Re1 {[%emt 0:00:44]} Nd5 {[%emt 0:01:17]} 17. Bxd5 {[%emt 0:10:54]} exd5 {[%emt 0:00:08]} 18. Ng3 {[%emt 0:00:02]} Qxf4 {[%emt 0:04:06]} 19. d4 {[%emt 0:00:37]} Qd6 {[%emt 0:00:32]} 20. dxc5 {[%emt 0:00:33]} bxc5 {[%emt 0:02:15]} 21. Nh4 {[%emt 0:01:17]} Qf6 {[%emt 0:07:18]} 22. Qxc5 {[%emt 0:03:15]} Ne5 {[%emt 0:01:03]} 23. Qd4 {[%emt 0:00:57]} Nd3 {[%emt 0:00:39]} 24. Rd1 {[%emt 0:07:14]} Qxd4+ {[%emt 0:01:37]} 0-1

[Event "56th Rubinstein Memorial A 2020"]
[Site "Polanica Zdroj"]
[Date "2020.08.19"]
[Round "5.24"]
[White "Topola, Rafal"]
[Black "Dytman, Radoslaw"]
[Result "*"]
[WhiteElo "1808"]
[BlackElo "1867"]
[Annotator "NA"]
[PlyCount "35"]
[EventDate "2020.08.15"]
[EventType "swiss"]
[EventCountry "POL"]
[SourceTitle "playchess.com"]
[Source "ChessBase"]
[SourceQuality "1"]
[TimeControl "40/5400+30:1800+30"]

1. e4 {[%emt 0:00:00]} d5 {[%emt 0:00:00]} 2. exd5 {[%emt 0:00:00]} Nf6 {[%emt 0:00:00]} 3. Bb5+ {[%emt 0:02:37]} Bd7 {[%emt 0:00:33]} 4. Bxd7+ {[%emt 0:00:26]} Qxd7 {[%emt 0:00:55]} 5. Nc3 {[%emt 0:00:39]} Nxd5 {[%emt 0:01:19]} 6. Nxd5 {[%emt 0:04:33]} Qxd5 {[%emt 0:00:06]} 7. Qf3 {[%emt 0:00:11]} Qxf3 {[%emt 0:03:42]} 8. Nxf3 {[%emt 0:00:02]} Nc6 {[%emt 0:00:36]} 9. a3 {[%emt 0:00:55]} g6 {[%emt 0:09:32]} 10. d4 {[%emt 0:02:20]} Bg7 {[%emt 0:05:14]} 11. Be3 {[%emt 0:00:12]} O-O-O {[%emt 0:01:22]} 12. O-O-O {[%emt 0:00:10]} e6 {[%emt 0:06:30]} 13. Rhe1 {[%emt 0:08:23]} Rd5 {[%emt 0:05:11]} 14. c3 $11 {[%emt 0:04:13]} h6 {[%emt 0:10:05]} 15. h4 {[%emt 0:08:23]} a5 {[%emt 0:04:59]} 16. a4 {[%emt 0:02:04]} b6 {[%emt 0:02:54]} 17. Bf4 {[%emt 0:01:10]} Kb7 {[%emt 0:04:43]} 18. Be5 {[%emt 0:08:05]} *

[Event "56th Rubinstein Memorial A 2020"]
[Site "Polanica Zdroj"]
[Date "2020.08.19"]
[Round "5.25"]
[White "Hetzer, Volkhard"]
[Black "Stachecki, Mikolaj"]
[Result "1/2-1/2"]
[WhiteElo "1911"]
[BlackElo "1806"]
[Annotator "ChessBase"]
[PlyCount "68"]
[EventDate "2020.08.15"]
[EventType "swiss"]
[EventCountry "POL"]
[SourceTitle "playchess.com"]
[Source "ChessBase"]
[SourceQuality "1"]
[TimeControl "40/5400+30:1800+30"]

1. Nf3 {[%emt 0:00:00]} Nf6 {[%emt 0:00:00]} 2. c4 {[%emt 0:00:00]} g6 {[%emt 0:00:08]} 3. Nc3 {[%emt 0:00:02]} Bg7 {[%emt 0:00:15]} 4. g3 {[%emt 0:00:20]} O-O {[%emt 0:00:09]} 5. Bg2 {[%emt 0:00:03]} d6 {[%emt 0:00:10]} 6. O-O {[%emt 0:00:08]} Nc6 {[%emt 0:00:12]} 7. Rb1 {[%emt 0:00:07]} a5 {[%emt 0:00:22]} 8. a3 {[%emt 0:00:03]} e5 {[%emt 0:01:04]} 9. d3 {[%emt 0:00:22]} Re8 {[%emt 0:01:12]} 10. Nd2 {[%emt 0:15:43]} Nd4 {[%emt 0:02:55]} 11. e3 {[%emt 0:01:34]} Ne6 {[%emt 0:00:20]} 12. b4 {[%emt 0:02:58]} axb4 {[%emt 0:00:05]} 13. axb4 {[%emt 0:00:04]} c6 {[%emt 0:01:49]} 14. Bb2 {[%emt 0:14:26]} d5 {[%emt 0:08:30]} 15. cxd5 {[%emt 0:02:44]} cxd5 {[%emt 0:17:36]} 16. Nf3 {[%emt 0:08:13]} d4 {[%emt 0:11:52]} 17. exd4 {[%emt 0:01:56]} Nxd4 {[%emt 0:01:10]} 18. Nxd4 {[%emt 0:01:00]} exd4 {[%emt 0:01:50]} 19. Nb5 {[%emt 0:09:41]} Qb6 {[%emt 0:15:08]} 20. Nxd4 {[%emt 0:00:33]} Bg4 {[%emt 0:08:15]} 21. Bf3 {[%emt 0:06:31]} Nd5 {[%emt 0:02:34]} 22. Qb3 {[%emt 0:06:04]} Bxd4 {[%emt 0:08:55]} 23. Bxd4 {[%emt 0:05:42]} Qxd4 {[%emt 0:00:08]} 24. Bxd5 {[%emt 0:02:05]} Be6 {[%emt 0:01:09]} 25. Bxe6 {[%emt 0:00:19]} Rxe6 {[%emt 0:00:04]} 26. Rfe1 {[%emt 0:01:48]} Rea6 {[%emt 0:02:58]} 27. Re4 {[%emt 0:07:52]} Qd7 {[%emt 0:01:43]} 28. Rbe1 {[%emt 0:04:18]} Ra3 {[%emt 0:03:08]} 29. Qc4 {[%emt 0:04:20]} Qxd3 {[%emt 0:06:21]} 30. Re8+ {[%emt 0:03:30]} Rxe8 {[%emt 0:01:09]} 31. Rxe8+ {[%emt 0:00:01]} Kg7 {[%emt 0:00:05]} 32. Qxd3 {[%emt 0:01:03]} Rxd3 {[%emt 0:00:10]} 33. Re7 {[%emt 0:02:18]} b6 {[%emt 0:00:09]} 34. Rb7 {[%emt 0:00:26]} Rd6 {[%emt 0:02:06]} 1/2-1/2

[Event "56th Rubinstein Memorial A 2020"]
[Site "Polanica Zdroj"]
[Date "2020.08.19"]
[Round "5.26"]
[White "Kowalczyk, Wojciech"]
[Black "Hertlein, Irena"]
[Result "1-0"]
[WhiteElo "1873"]
[BlackElo "1905"]
[Annotator "NA"]
[PlyCount "71"]
[EventDate "2020.08.15"]
[EventType "swiss"]
[EventCountry "POL"]
[SourceTitle "playchess.com"]
[Source "ChessBase"]
[SourceQuality "1"]
[TimeControl "40/5400+30:1800+30"]

1. e4 {[%emt 0:00:00]} c5 {[%emt 0:00:00]} 2. Nc3 {[%emt 0:00:37]} Nc6 {[%emt 0:00:00]} 3. Bb5 {[%emt 0:00:08]} g6 {[%emt 0:00:09]} 4. Bxc6 {[%emt 0:01:21]} dxc6 {[%emt 0:00:15]} 5. Nge2 {[%emt 0:02:18]} Bg7 {[%emt 0:02:12]} 6. O-O {[%emt 0:00:14]} e5 {[%emt 0:02:08]} 7. d3 {[%emt 0:01:11]} Ne7 {[%emt 0:03:54]} 8. Be3 {[%emt 0:04:40]} b6 {[%emt 0:00:43]} 9. Qd2 {[%emt 0:07:41]} O-O {[%emt 0:06:56]} 10. Ng3 {[%emt 0:08:36]} Be6 {[%emt 0:01:33]} 11. b3 {[%emt 0:01:21]} Qd7 {[%emt 0:04:43]} 12. Rad1 $15 {[%emt 0:05:18]} (12. Bh6 $1 $11) 12... Rad8 {[%emt 0:04:26]} 13. a4 {[%emt 0:09:04]} a5 {[%emt 0:00:55]} 14. Nb1 {[%emt 0:00:54]} f6 {[%emt 0:23:14]} 15. Na3 {[%emt 0:07:08]} g5 {[%emt 0:00:16]} 16. Nc4 {[%emt 0:00:20]} Qc7 {[%emt 0:01:18]} 17. Qe1 {[%emt 0:14:29]} Ng6 {[%emt 0:01:45]} 18. f3 {[%emt 0:03:50]} Nf4 {[%emt 0:03:59]} 19. Bxf4 {[%emt 0:00:47]} gxf4 {[%emt 0:00:01]} 20. Nf5 {[%emt 0:06:01]} Bxf5 {[%emt 0:09:09]} 21. exf5 {[%emt 0:00:07]} Kh8 {[%emt 0:02:57]} 22. g3 {[%emt 0:00:41]} fxg3 {[%emt 0:02:16]} 23. hxg3 {[%emt 0:00:31]} Rg8 {[%emt 0:00:51]} 24. Qe3 {[%emt 0:09:31]} Bf8 {[%emt 0:03:50]} 25. Kf2 {[%emt 0:04:15]} b5 {[%emt 0:03:18]} 26. Nd2 {[%emt 0:01:14]} Rg5 {[%emt 0:05:53]} 27. Ne4 {[%emt 0:05:09]} Rxf5 {[%emt 0:00:34]} 28. g4 {[%emt 0:00:12]} Rf4 {[%emt 0:00:08]} 29. Rh1 {[%emt 0:00:25]} Rd7 {[%emt 0:05:04]} 30. Nxc5 {[%emt 0:02:57]} Bxc5 31. Qxc5 {[%emt 0:00:07]} Qa7 {[%emt 0:04:24]} 32. Qxa7 {[%emt 0:01:16]} Rxa7 {[%emt 0:00:01]} 33. axb5 {[%emt 0:01:21]} cxb5 {[%emt 0:00:01]} 34. Ra1 {[%emt 0:00:55]} Rd4 {[%emt 0:04:45]} 35. Ke3 {[%emt 0:01:24]} Kg7 {[%emt 0:01:28]} 36. c4 {[%emt 0:00:46]} 1-0

[Event "56th Rubinstein Memorial A 2020"]
[Site "Polanica Zdroj"]
[Date "2020.08.19"]
[Round "5.27"]
[White "Rog, Bartlomiej"]
[Black "Bojczewski, Mateusz"]
[Result "1/2-1/2"]
[WhiteElo "1866"]
[BlackElo "1886"]
[Annotator "NA"]
[PlyCount "79"]
[EventDate "2020.08.15"]
[EventType "swiss"]
[EventCountry "POL"]
[SourceTitle "playchess.com"]
[Source "ChessBase"]
[SourceQuality "1"]
[TimeControl "40/5400+30:1800+30"]

1. e4 {[%emt 0:00:00]} c6 {[%emt 0:00:00]} 2. d4 {[%emt 0:00:30]} d5 {[%emt 0:00:30]} 3. Nc3 {[%emt 0:00:30]} dxe4 {[%emt 0:00:30]} 4. Nxe4 {[%emt 0:00:30]} Nd7 {[%emt 0:00:30]} 5. Ng5 {[%emt 0:01:40]} Ngf6 {[%emt 0:00:30]} 6. Bd3 {[%emt 0:00:30]} e6 {[%emt 0:01:48]} 7. N1f3 {[%emt 0:00:30]} Bd6 {[%emt 0:06:22]} 8. Qe2 {[%emt 0:00:30]} h6 {[%emt 0:00:56]} 9. Ne4 {[%emt 0:00:30]} Nxe4 {[%emt 0:00:30]} 10. Qxe4 {[%emt 0:00:30]} Nf6 {[%emt 0:00:30] 10...Nf6 was played by the boomers.} 11. Qh4 {[%emt 0:02:05]} Qc7 {[%emt 0:09:19] B17: Caro-Kann: Modern Line (4...Nd7).} 12. Bg5 {[%emt 0:08:07]} Nd5 {[%emt 0:03:02]} 13. O-O {[%emt 0:04:32] [#]} Bf4 $146 {[%emt 0:07:32]} ({Predecessor:} 13... b6 14. a3 Bb7 15. c4 Ne7 16. Be3 c5 17. dxc5 Bxc5 18. Bf4 Bd6 19. Bxd6 Qxd6 {1-0 (59) Mader,M (2204)-Duessel,U (2283) Germany 2008}) 14. Bxf4 {[%emt 0:03:31]} Qxf4 {[%emt 0:00:52]} 15. Qxf4 {[%emt 0:02:16]} Nxf4 {[%emt 0:00:30]} 16. Bc4 {[%emt 0:03:22]} b5 {[%emt 0:02:01]} 17. Bb3 {[%emt 0:01:01]} Bb7 {[%emt 0:01:07]} 18. Rfe1 {[%emt 0:01:42]} c5 {[%emt 0:01:16]} 19. dxc5 {[%emt 0:02:19]} Bxf3 {[%emt 0:00:42]} 20. gxf3 $11 {[%emt 0:00:30]} Rc8 {[%emt 0:01:11]} 21. Re4 {[%emt 0:11:52]} g5 {[%emt 0:07:30]} 22. a4 {[%emt 0:07:36]} Rxc5 {[%emt 0:00:55]} 23. axb5 {[%emt 0:00:30]} O-O {[%emt 0:00:30]} 24. Rb4 {[%emt 0:26:49]} Rd8 {[%emt 0:00:55]} 25. b6 {[%emt 0:03:32]} axb6 {[%emt 0:00:58]} 26. Rxb6 {[%emt 0:00:30]} Rd2 {[%emt 0:00:32]} 27. Rf1 {[%emt 0:04:12]} Re5 {[%emt 0:01:23]} 28. Rb4 {[%emt 0:05:39]} Ree2 {[%emt 0:00:39]} 29. Rxf4 {[%emt 0:00:33]} gxf4 {[%emt 0:00:30]} 30. Bc4 {[%emt 0:00:38]} Re5 {[%emt 0:01:51]} 31. Bd3 {[%emt 0:00:30]} Rg5+ {[%emt 0:00:37]} 32. Kh1 {[%emt 0:00:30]} Kf8 {[%emt 0:00:47]} 33. b4 {[%emt 0:01:08]} Ke7 {[%emt 0:00:30]} 34. b5 {[%emt 0:01:13]} Rxd3 {[%emt 0:00:30]} 35. cxd3 Rxb5 {[%emt 0:00:30]} 36. Re1 {[%emt 0:03:04]} Rg5 {[%emt 0:01:09]} 37. Re4 {[%emt 0:00:30]} e5 {[%emt 0:00:30]} 38. d4 {[%emt 0:00:51]} f6 {[%emt 0:00:30]} 39. dxe5 {[%emt 0:00:30]} fxe5 {[%emt 0:00:30]} 40. Ra4 {[%emt 0:00:30]} 1/2-1/2

[Event "56th Rubinstein Memorial A 2020"]
[Site "Polanica Zdroj"]
[Date "2020.08.20"]
[Round "6.1"]
[White "Ovsejevitsch, Sergei"]
[Black "Zochowski, Kacper"]
[Result "1-0"]
[WhiteElo "2587"]
[BlackElo "2278"]
[Annotator "TA"]
[PlyCount "67"]
[EventDate "2020.08.15"]
[EventType "swiss"]
[EventCountry "POL"]
[SourceTitle "playchess.com"]
[Source "ChessBase"]
[SourceQuality "1"]

{[%evp 18,67,22,0,34,31,47,26,29,21,33,26,44,37,32,35,44,28,88,87,130,134,266,108,170,112,140,67,69,66,83,68,72,67,120,120,120,116,138,75,199,163,391,357,341,260,29987,29988,29993,29994,29994,29995]} 1. Nf3 Nf6 2. c4 e6 3. Nc3 d5 4. d4 Bb4 5. e3 O-O 6. Bd3 c5 7. O-O cxd4 8. exd4 dxc4 9. Bxc4 Nbd7 10. Bg5 Nb6 {E54: Nimzo-Indian: Rubinstein: Main Line: 7...dxc4 8 Bxc4.} 11. Bb3 Be7 12. Re1 Bd7 {White has an edge.} 13. Qd3 Bc6 14. Bc2 {[#] Black must now prevent Bxf6.} g6 15. Bh6 Re8 $1 16. Ne5 Nbd5 17. Qh3 {[#] aiming for Nxf7!} Qc8 $146 (17... Bf8 $11 {keeps the balance.}) ({Predecessor:} 17... Qd6 18. Rad1 Rac8 19. Bb1 Rc7 20. Rd3 Nxc3 21. bxc3 Be4 22. Rde3 Bxb1 23. Rxb1 Bf8 {½-½ (42) Konaplev,A (2179)-Dragomarezkij,E (2367) Moscow 2016}) 18. Rac1 $16 Nxc3 19. bxc3 Nh5 (19... Bf8 $16 20. Bg5 Bg7 21. Bxf6 Bxf6) 20. c4 (20. Re3 $18 {has better winning chances.}) 20... Bb4 (20... Qd8 $16 {was worth a try.}) 21. Red1 (21. g4 $18 Ng7 22. Re2) 21... Qc7 22. Bb3 (22. c5 $16) 22... Bd6 23. Re1 Bb4 24. Re2 Bf8 25. Qe3 Rac8 ({Black should try} 25... Bxh6 $14 26. Qxh6 Rad8) 26. Bxf8 Rxf8 27. Ree1 Qa5 28. Ng4 (28. d5 $142 Ba4 29. d6) 28... Qd8 {This costs Black the game.} (28... f6 $16) 29. Qe5 {[%cal Rg4h6]} Ng7 $2 (29... f6 30. Qxe6+ Kh8) 30. Nf6+ $18 Kh8 31. Rc3 $40 {[%mdl 128] White attacks with force.} Qc7 $2 {[#]} (31... Nh5 $18) 32. Rh3 $1 {[%csl Gf6][%cal Rh3h7][%mdl 512] White mates.} Nh5 33. Rxh5 gxh5 34. Qxh5 {Accuracy: White = 70%, Black = 40%.} 1-0